000 00664nam a22002177a 4500
003 BPGM
008 260618s mx a|||gr|||| 001 ||SPA||
020 _aSIN ISBN
040 _bspa
041 _aSPA
_hSPA
082 0 4 _2TERCERA EDICIÓN
_aPTM / 800
100 _aLÓPEZ MONTERO, FRANCISCO
_cAUTOR
245 _aLECTURA Y REDACCIÓN II
260 _aQUERÉTARO, MÉXICO
_bUNIVERSIDAD AUTÓNOMA DE QUERÉTARO
_cENERO 2000
300 _a329 PÁGINAS;
_c21 CM X 17 CM
336 _2rdacontent
_atexto
_btxt
337 _2rdamedia
_asin mediación
_bn
338 _2rdacarrier
_avolumen
_bnc
650 _aLENGUA Y COMUNICACIÓN
_v800
_x800
_y00
_z0
942 _2ddc
_cCOLQ
999 _c68625
_d68625